CALCIUM ION STIMULATED ADENOSINE TRIPHOSPHATASES IN SARCOTUBULAR FRACTION FROM THE CRAYFISH

Bibliographic Details
Main Authors: Mahrla, Zdeno (Author), Zachar, Jozef, 1925-2000 (Author)
Format: Article
Language:English

MARC

LEADER 00000nab a2200000uu 4500
001 vtls011440988
003 SK-MaSNL
005 20260303123328.0
008 230213|1976 xo |||||||||||||||||eng|
015 |a SNBRB 
035 |a (urnnbn)urn:nbn:sk:snk:ar-002zpf 
035 |a (uuid)1ea98778-415c-4c3e-82bf-e0fc3c57aaeb 
035 |a urn:nbn:sk:snk-abcfc3 
040 |a SNKBUCL  |b slo  |c SNKBUCL  |e AACR2 
041 0 |a eng 
044 |a xo  |c SK 
100 1 |a Mahrla, Zdeno  |4 aut  |9 413605 
245 1 0 |a CALCIUM ION STIMULATED ADENOSINE TRIPHOSPHATASES IN SARCOTUBULAR FRACTION FROM THE CRAYFISH  |c Zdeno Mahrla, Jozef Zachar 
700 1 |a Zachar, Jozef,  |d 1925-2000  |4 aut  |9 213772 
773 0 |t Biológia : časopis Slovenskej akadémie vied  |g Roč. 31, č. 12 (1976), s. 931-941 
954 |a odborná, vedecká literatúra pôvodná (slovenská)  |2 lita 
958 |a OND 
958 |a EUIPO 
958 |a article16 
999 |c 1925276  |d 1927206